000 00771nam a2200253 i 4500
001 C2-0218612
003 PPAK
005 20180728110942.0
008 990801s1996 caua|||| ||||| | eng d
020 _a1562763962
040 _aPPAK
_beng
_cPPAK
_erda
082 0 4 _a005.72
_2 23
090 0 0 _a005.72
_bRAN
_dR
100 1 _aRandall, Neil,
_eauthor
245 1 0 _aGuide to Netscape Navigator Gold
264 1 _aEmeryville, California :
_bZiff-Davis Press ,
_c1996
300 _axxiii, 496 pages :
_billustrations ;
_c23 cm
336 _2rdacontent
_atext
337 _2rdamedia
_aunmediated
338 _2rdacarrier
_avolume
500 _aIncludes index
650 1 0 _aInternet (Computer network) ; World Wide Web (Information retrieval system)
942 _ddc
_cB
999 _c161407
_d161407